2nd in the Series (Literature) Quiz Stats

 Plays Quiz Updated Mar 26, 2017

Challenge
Share
Tweet
Embed
Score 0/20 Timer 05:00
0 Plays Today
First Book Second Book % Correct
The Fellowship of the RingThe Two Towers
90.6%
TwilightNew Moon
77.4%
The Bourne IdentityThe Bourne Supremacy
61.8%
The Hunger GamesCatching Fire
57.2%
The Girl with the Dragon TattooThe Girl Who Played With Fire
39.6%
The Golden CompassThe Subtle Knife
27.4%
The Hitchhiker's Guide to the GalaxyThe Restaurant at the End of the Universe
27.4%
EragonEldest
24.4%
A Game of ThronesA Clash of Kings
22.7%
The Lightning ThiefThe Sea of Monsters
17.8%
First Book Second Book % Correct
The Bad BeginningThe Reptile Room
15%
A Study in ScarletThe Sign of the Four
8.2%
Artemis FowlThe Arctic Incident
8.1%
DuneDune Messiah
7.8%
The GunslingerThe Drawing of the Three
7.6%
Casino RoyaleLive and Let Die
5.7%
Mr. TickleMr. Greedy
2.6%
The Wonderful Wizard of OzThe Marvelous Land of Oz
2.4%
The No. 1 Ladies' Detective AgencyTears Of The Giraffe
2.2%
Welcome to Dead HouseStay Out of the Basement
2%

You're not logged in!

Compare scores with friends on all Sporcle quizzes.
Join for Free
OR
Log In

You Might Also Like...

Show Comments

Extras

Top Quizzes Today


Score Distribution

Your Account Isn't Verified!

In order to create a playlist on Sporcle, you need to verify the email address you used during registration. Go to your Sporcle Settings to finish the process.

Report this User

Report this user for behavior that violates our Community Guidelines.

Details: